Řekni, kde ty kytky jsou písně (pro) Pete Seegera

Hlavní autor: Žák, Martin, 1969-
Další autoři: Seeger, Pete, 1919-2014
Jazyk: Čeština
Vydáno: [Naděje] : Country Home, p2010
Edice: Limitované sběratelské vydání
Témata:
Fyzický popis: 1 zvuková deska : digital ; 12 cm
Zvukové nahrávky
Uloženo v:
LEADER 01353njm a2200349 a 4500
001 001095699
003 CZ BrMZK
005 20100616085943.0
007 sd fsngnnmmned
008 100511s2010 xr ||n ? cze d
028 0 1 |a CH CD701  |b Country Home 
040 |a BOA001  |b cze 
072 7 |a 78.03  |x Vývojová období v dějinách hudby  |2 Konspekt  |9 9 
080 |a 78.036  |2 MRF 
080 |a (086.76)  |2 MRF 
100 1 |a Žák, Martin,  |d 1969-  |7 xx0004061  |4 itr 
245 1 0 |a Řekni, kde ty kytky jsou  |h [zvukový záznam] :  |b písně (pro) Pete Seegera 
260 |a [Naděje] :  |b Country Home,  |c p2010 
300 |a 1 zvuková deska :  |b digital ;  |c 12 cm 
490 1 |a Limitované sběratelské vydání ;  |v 1 
500 |a Kompaktní deska 
505 0 0 |t Vše má svou dobu (Vím, vím, vím) --  |t Brázdím svou zlatou řeku --  |t Čistou Hudson River --  |t Řekni, kde ty kytku jsou 
511 0 |a Martin Žák a přátelé 
650 0 7 |a country music  |7 ph224322  |2 czenas 
655 7 |a kompaktní desky  |7 fd201991  |2 czenas 
700 1 |a Seeger, Pete,  |d 1919-2014  |7 ja20020044759  |4 cmp 
740 0 2 |a Písně (pro) Peteho Seegera 
830 0 |a Limitované sběratelské vydání 
910 2 |a BOA001  |b CDR-1236.705,1 
990 |a AV 
991 |b 201006 
996 6 |b 2610437829  |c CDR-1236.705,1  |l MZK  |r Sklad / do 24 hodin  |n 0  |p p.v.  |w 001122680  |u 000010  |a 1  |e BOA001  |j MZK50  |s P